000 00595cam a2200181 4500500
005 20260405002746.0
041 _afre
042 _adc
100 1 0 _aPortevin, Catherine
_eauthor
700 1 0 _aPortevin, Catherine
_eauthor
245 0 0 _aLa Fraîcheur de l’herbe. Histoire d’une gamme d’émotions
260 _c2018.
500 _a36
690 _aAlain Corbin
690 _aÉmotion
786 0 _nPhilosophie magazine | 121 | 8 | 2018-07-01 | p. 46-46 | 1951-1787
856 4 1 _uhttps://shs.cairn.info/magazine-philosophie-magazine-2018-8-page-46?lang=fr&redirect-ssocas=7080
999 _c2060823
_d2060823